Catálogo
 En Linea

Saint Gerard of cenad or the destiny of a Venetian around the year one thousand. (Registro nro. 33397)

Detalles MARC
000 -CABECERA
campo de control de longitud fija 00325nam a2200109 a 4500
005 - FECHA Y HORA DE LA ÚLTIMA TRANSACCIÓN
campo de control 20200930070620.0
008 - DATOS DE LONGITUD FIJA--INFORMACIÓN GENERAL
campo de control de longitud fija 110914s2006 000 spa d
020 ## - NÚMERO INTERNACIONAL ESTÁNDAR DEL LIBRO
Número Internacional Estándar del Libro 9789737784100
040 ## - FUENTE DE LA CATALOGACIÓN
Centro catalogador/agencia de origen DO-SdBNP
245 #0 - MENCIÓN DE TÍTULO
Título Saint Gerard of cenad or the destiny of a Venetian around the year one thousand.
260 ## - PUBLICACIÓN, DISTRIBUCIÓN, ETC.
Lugar de publicación, distribución, etc. Cluj-Napoca,
Fecha de publicación, distribución, etc. 2006.

No hay ítems disponibles.

Con tecnología Koha